00367nam a2200121Ia 4500008004100000100003200041245001500073260003300088300000800121650009200129942000700221999001700228190216s9999||||xx |||||||||||||| ||und|| aPublication Division Author 0aSignatures bUniversity Of Calicutc1992 a48p aModern Indian History-Modern Indian History-Modern Indian History-Modern Indian History cBK c13672d13672